| 000 | 00568nam a22001937a 4500 | ||
|---|---|---|---|
| 999 |
_c8556 _d8556 |
||
| 003 | AR-CdUCM | ||
| 008 | 190325b ||||| |||| 00| 0 spa d | ||
| 020 | _a978-84-9050-169-6 | ||
| 040 |
_aMUNICIPALIDAD PROVINCIAL DEL CUSCO _cBIBLIOTECA MUNICIPAL DEL CUSCO |
||
| 082 |
_23ed. _a868.6 / _bZ38 |
||
| 100 |
_aZaragoza, Daniel _923967 |
||
| 245 | _aLo que el mar no se lleva / | ||
| 260 |
_aEspaña : _bCirculo rojo, _c2013. |
||
| 300 |
_a171 páginas ; _c21 cm. |
||
| 650 |
_aLiteratura española _9362 |
||
| 650 |
_aSiglo XX _98 |
||
| 942 |
_2ddc _cLIBROS |
||
| 945 | _aafb | ||